00221 a2200109 4500001000700000020000600007040001100013100001900024240003200043245002700075362000900102180139 a  cMagnum aRector, Monica10aBimba pensa na fazendalpor10aBimba pensa na fazenda0 a1899